000 00468nam a2200181Ia 4500
001 835
005 20260306140547.0
008 260306t2016||||xx |||||||||||||| ||spa||
041 _aESP
082 _a170
_bP79
100 _aPossenti, Vittorio
_eAUT
245 0 _aLa revolución biopolítica:
_bla peligrosa alianza entre materialismo y técnica
260 _c2016
300 _a233 páginas :
_c21 cm.
650 _aGEN
654 _aCHU
942 _cLIB
_dJUS
_fJUS
_2ddc
_n
999 _c835
_d835